000 00289nam a22001337a 4500
008 170807b xxu||||| |||| 00| 0 eng d
020 _a9780071633383
041 _aeng
080 _a004
100 _a33
101 _aSHK
245 _aQUICK BOOKS 2010
_cCAPACHIETTI,L
942 _2udc
_cBK
999 _c22765
_d22765